| 000 | 00912nam a2200253 a 4500 | ||
|---|---|---|---|
| 001 | 000029791 | ||
| 003 | DO-SdBNP | ||
| 005 | 20240726103150.0 | ||
| 008 | 110425s1959 dr r 000 0 spa d | ||
| 040 |
_aDO-SdBNP _bspa _cBNPHU _erda |
||
| 082 |
_a972.93053 _bD294a _222 |
||
| 245 | 0 | 3 | _aEl décimo aniversario de la intentona de Luperón |
| 264 |
_aCiudad Trujillo, República Dominicana : _bPublicaciones del Partido Dominicano, _c1959 |
||
| 300 |
_a71 páginas ; _c24 cm. |
||
| 336 |
_2rdacontent _atexto _btxt |
||
| 337 |
_2rdamedia _asin mediación _bn |
||
| 338 |
_2rdacarrier _avolumen _bnc |
||
| 590 | _aInventariado, 2018/ YL | ||
| 651 | 4 |
_aRepública Dominicana _xPolítica y gobierno _y1930-1961 _9479 |
|
| 651 | 4 |
_aRepública Dominicana _xHistoria _y1930-1961 _91301 |
|
| 651 | 4 |
_aLuperón (República Dominicana) _xHistoria _976698 |
|
| 910 | _aValidado. Control de calidad, MFF | ||
| 942 |
_2ddc _cLBS1 |
||
| 999 |
_c29283 _d29283 |
||